|
|
|
|
| LEADER |
00605nam a22001811a 4500 |
| 082 |
|
|
|a S 294.592 12
|b WIL/R
|
| 100 |
|
|
|a Wilson H H
|9 89267
|
| 245 |
|
|
|a Rigveda Samhita V.4/
|c by Wilson H H
|
| 260 |
|
|
|a Delhi:
|b Nag,
|c 1989.
|
| 300 |
|
|
|a 467p.
|
| 650 |
|
|
|a Rigveda
|9 89268
|
| 650 |
|
|
|a Vedic Literature
|9 89269
|
| 650 |
|
|
|a Hinduism
|9 89270
|
| 650 |
|
|
|a Religion
|9 89271
|
| 700 |
|
|
|a Webster W F (ed.)
|9 89272
|
| 942 |
|
|
|c BK
|
| 999 |
|
|
|c 38430
|d 38430
|
| 952 |
|
|
|0 0
|1 0
|4 0
|6 S_294_592000000000000_12_WIL_R
|7 0
|9 55509
|a SSUS
|b SSUS
|d 2015-01-08
|g 143.00
|l 1
|o S 294.592 12 WIL/R
|p 003247
|r 2020-02-06
|s 2019-06-07
|v 0.00
|w 2015-01-08
|y BK
|